<?xml version="1.0" encoding="UTF-8"?>
<record
    xmlns:xsi="http://www.w3.org/2001/XMLSchema-instance"
    xsi:schemaLocation="http://www.loc.gov/MARC21/slim http://www.loc.gov/standards/marcxml/schema/MARC21slim.xsd"
    xmlns="http://www.loc.gov/MARC21/slim">

  <leader>01095nam a2200157Ia 4500</leader>
  <controlfield tag="008">210323s9999||||xx |||||||||||||| ||und||</controlfield>
  <datafield tag="040" ind1=" " ind2=" ">
    <subfield code="c">STCPL</subfield>
  </datafield>
  <datafield tag="041" ind1=" " ind2=" ">
    <subfield code="h">ENG</subfield>
  </datafield>
  <datafield tag="082" ind1=" " ind2=" ">
    <subfield code="a">823.09</subfield>
    <subfield code="b">AYL-M</subfield>
  </datafield>
  <datafield tag="100" ind1=" " ind2=" ">
    <subfield code="a">Aylwin A.M.</subfield>
  </datafield>
  <datafield tag="245" ind1=" " ind2="0">
    <subfield code="a">Seiegfried sasons memories of a fox -hunting man</subfield>
  </datafield>
  <datafield tag="260" ind1=" " ind2=" ">
    <subfield code="a">U S A</subfield>
    <subfield code="b">Methuen  &amp; Co Ltd</subfield>
    <subfield code="c">1970</subfield>
  </datafield>
  <datafield tag="300" ind1=" " ind2=" ">
    <subfield code="a">45,  21CM</subfield>
  </datafield>
  <datafield tag="650" ind1=" " ind2=" ">
    <subfield code="a">General&#xD1A;&#xD30;&#xD3F;&#xD24;&#xD4D;&#xD30;&#xD35;&#xD41;&#xD02;, &#xD2D;&#xD42;&#xD2E;&#xD3F;&#xD36;&#xD3E;&#xD38;&#xD4D;&#xD24;&#xD4D;&#xD30;&#xD35;&#xD41;&#xD02; - &#xD2E;&#xD3E;&#xD32;&#xD26;&#xD4D;&#xD35;&#xD40;&#xD2A;&#xD41;&#xD15;&#xD33;&#xD4D;&#x200D;, &#xD38;&#xD3F;&#xD32;&#xD4B;&#xD23;&#xD4D;&#x200D;, &#xD38;&#xD41;&#xD2E;&#xD3E;&#xD24;&#xD4D;&#xD30;, &#xD05;&#xD28;&#xD4D;&#xD24;&#xD2E;&#xD3E;&#xD28;&#xD4D;&#x200D;, &#xD28;&#xD3F;&#xD15;&#xD4D;&#xD15;&#xD4B;&#xD2C;&#xD3E;&#xD30;&#xD4D;&#x200D;, &#xD07;&#xD28;&#xD4D;&#xD24;&#xD4D;&#xD2F;&#xD2F;&#xD3F;&#xD32;&#xD46; &#xD2A;&#xD34;&#xD35;&#xD30;&#xD4D;&#x200D;&#xD17;&#xD4D;&#xD17;&#xD19;&#xD4D;&#xD19;&#xD33;&#xD4D;&#x200D;, &#xD07;&#xD28;&#xD4D;&#xD24;&#xD4D;&#xD2F;&#xD2F;&#xD3F;&#xD32;&#xD46; &#xD36;&#xD3F;&#xD15;&#xD4D;&#xD37;&#xD3E;&#xD15;&#xD4D;&#xD30;&#xD2E;&#xD02;, &#xD07;&#xD28;&#xD4D;&#xD24;&#xD4D;&#xD2F;&#xD2F;&#xD3F;&#xD32;&#xD46; &#xD30;&#xD3E;&#xD1C;&#xD3E;&#xD15;&#xD4D;&#xD15;&#xD28;&#xD4D;&#xD2E;&#xD3E;&#xD30;&#xD4D;&#x200D;, &#xD07;&#xD28;&#xD4D;&#xD24;&#xD4D;&#xD2F;&#xD2F;&#xD3F;&#xD32;&#xD46; &#xD1C;&#xD3E;&#xD24;&#xD3F;&#xD15;&#xD33;&#xD4D;&#x200D;, &#xD07;&#xD28;&#xD4D;&#xD24;&#xD4D;&#xD2F;&#xD2F;&#xD3F;&#xD32;&#xD46; &#xD2A;&#xD1F;&#xD4D;&#xD1F;&#xD23;&#xD19;&#xD4D;&#xD19;&#xD33;&#xD4D;&#x200D;, &#xD2E;&#xD32;&#xD2C;&#xD3E;&#xD30;&#xD4D;&#x200D;, &#xD15;&#xD47;&#xD30;&#xD33;&#xD24;&#xD4D;&#xD24;&#xD3F;&#xD32;&#xD46; &#xD2A;&#xD1F;&#xD4D;&#xD1F;&#xD23;&#xD19;&#xD4D;&#xD19;&#xD33;&#xD4D;&#x200D;, &#xD15;&#xD3E;&#xD37;&#xD4D;&#xD2E;&#xD40;&#xD30;&#xD4D;&#x200D;, &#xD15;&#xD3E;&#xD2C;&#xD42;&#xD33;&#xD4D;&#x200D;</subfield>
  </datafield>
  <datafield tag="942" ind1=" " ind2=" ">
    <subfield code="c">BK</subfield>
  </datafield>
  <datafield tag="999" ind1=" " ind2=" ">
    <subfield code="c">30067</subfield>
    <subfield code="d">30067</subfield>
  </datafield>
  <datafield tag="952" ind1=" " ind2=" ">
    <subfield code="0">0</subfield>
    <subfield code="1">0</subfield>
    <subfield code="4">0</subfield>
    <subfield code="7">0</subfield>
    <subfield code="a">STCPL</subfield>
    <subfield code="b">STCPL</subfield>
    <subfield code="c">P 26 B</subfield>
    <subfield code="d">2021-07-10</subfield>
    <subfield code="g">1.25</subfield>
    <subfield code="l">0</subfield>
    <subfield code="o">823.09 AYL-S</subfield>
    <subfield code="p">42379</subfield>
    <subfield code="r">2021-07-10 00:00:00</subfield>
    <subfield code="w">2021-07-10</subfield>
    <subfield code="y">BK</subfield>
  </datafield>
</record>
